000 00858pam a2200229 a 4500
005 20131021035756.0
008 920430s1992 enkb b 001 0 eng
020 _a0521439612
041 0 _aeng
080 _a323.1
100 1 _aHobsbawm, E. J.
_q(Eric J.),
_d1917-2012.
245 1 0 _aNations and nationalism since 1780 :
_cE.J. Hobsbawm.
250 _a2nd ed.
260 _aCambridge [England] ;
_aNew York :
_bCambridge University Press,
_c1992.
300 _a206 p. :
_bmaps ;
_c22 cm.
500 _aPreface : f. [VII] - VIII
504 _aIncludes bibliographical references and index.
650 0 _aNacionalizmi
_xHistoria
856 4 2 _3Publisher description
_uhttp://www.loc.gov/catdir/description/cam025/92014949.html
856 4 1 _3Table of contents
_uhttp://www.loc.gov/catdir/toc/cam028/92014949.html
942 _2udc
_cBK
999 _c137
_d137